The evening chorus / Helen Humphreys.
Available copies
- 1 of 1 copy available at LARL/NWRL Consortium.
- 1 of 1 copy available at Lake Agassiz Regional Library. (Show preferred library)
Current holds
0 current holds with 1 total copy.
Show Only Available Copies
| Location | Call Number / Copy Notes | Barcode | Shelving Location | Status | Due Date |
|---|---|---|---|---|---|
| Moorhead Public Library | HUM (Text) | 33500011979838 | Main | Available | - |
Record details
- ISBN: 9780544348691
- ISBN: 0544348699
- Physical Description: 294 pages ; 21 cm
- Edition: First Mariner Books edition.
- Publisher: Boston ; Mariner Books, Houghton Mifflin Harcourt, 2015
Content descriptions
| Summary, etc.: | The story of James, a pilot struggling to survive ... Read More |
Search for related items by subject
| Genre: | War stories. Historical fiction. Fiction. |
| LDR | 02108cam a22005053i 4500 | ||
|---|---|---|---|
| 001 | 174899 | ||
| 003 | LARL_NWRL_CONSORTIUM | ||
| 005 | 20150128112856.0 | ||
| 008 | 140102s2015 nyu 000 1 eng d | ||
| 020 | . | ‡a9780544348691 | |
| 020 | . | ‡a0544348699 | |
| 035 | . | ‡a(OCoLC)867078397 | |
| 040 | . | ‡aYDXCP ‡beng ‡erda ‡cYDXCP ‡dBTCTA ‡dBDX ‡dUPZ ‡dOCLCF ‡dIEP | |
| 050 | 4. | ‡aPR9199.3.H822 ‡bE 2015 | |
| 082 | 0 | 4. | ‡a813/.54 ‡223 |
| 100 | 1 | . | ‡aHumphreys, Helen, ‡d1961- ‡eauthor. ‡0(LARL_NWRL_CONSORTIUM)93278 |
| 245 | 1 | 4. | ‡aThe evening chorus / ‡cHelen Humphreys. |
| 250 | . | ‡aFirst Mariner Books edition. | |
| 260 | . | ‡aBoston ; ‡aNew York : ‡bMariner Books, Houghton Mifflin Harcourt, ‡c2015 | |
| 300 | . | ‡a294 pages ; ‡c21 cm | |
| 336 | . | ‡atext ‡btxt ‡2rdacontent | |
| 337 | . | ‡aunmediated ‡bn ‡2rdamedia | |
| 338 | . | ‡avolume ‡bnc ‡2rdacarrier | |
| 520 | . | ‡aThe story of James, a pilot struggling to survive in a German POW camp, his young war-bride, Rose, back in England trying to make sense of her life, and his sister, whose own story is also rewritten by the tragedies of WWII. | |
| 650 | 0. | ‡aWorld War, 1939-1945 ‡vFiction. ‡0(LARL_NWRL_CONSORTIUM)36331 | |
| 650 | 0. | ‡aPrisoners of war ‡vFiction. ‡0(LARL_NWRL_CONSORTIUM)166541 | |
| 650 | 0. | ‡aAirmen ‡zEngland ‡vFiction. | |
| 650 | 0. | ‡aHusband and wife ‡vFiction. ‡0(LARL_NWRL_CONSORTIUM)172467 | |
| 650 | 0. | ‡aSurvival ‡vFiction. | |
| 611 | 2 | 7. | ‡aWorld War (1939-1945) ‡2fast |
| 650 | 7. | ‡2fast ‡aAirmen ‡0(LARL_NWRL_CONSORTIUM)39652 | |
| 650 | 7. | ‡aHusband and wife. ‡2fast ‡0(LARL_NWRL_CONSORTIUM)22598 | |
| 650 | 7. | ‡2fast ‡aPrisoners of war ‡0(LARL_NWRL_CONSORTIUM)28854 | |
| 650 | 7. | ‡aSurvival. ‡2fast ‡0(LARL_NWRL_CONSORTIUM)176193 | |
| 651 | 7. | ‡aEngland. ‡2fast ‡0(LARL_NWRL_CONSORTIUM)178134 | |
| 648 | 7. | ‡a1939 - 1945 ‡2fast | |
| 655 | 7. | ‡aWar stories. ‡2gsafd | |
| 655 | 7. | ‡aHistorical fiction. ‡2gsafd | |
| 655 | 7. | ‡aFiction. ‡2fast | |
| 948 | . | ‡hNO HOLDINGS IN LAL - 30 OTHER HOLDINGS | |
| 994 | . | ‡aZ0 ‡bLAL | |
| 901 | . | ‡a174899 ‡bOCLC ‡c174899 ‡tbiblio | |

Add to basket
Permalink
Enable Highlighting